000 01102nam a2200313 a 4500
001 000018755
005 20260116105540.0
008 100514s1985 ag 000 0 spa d
020 _a9509113107
040 _aDO-SdBNP
_bspa
_cBNPHU
041 1 7 _aspa
_heng
_2Código de idioma MARC
082 _a155.2
_bM466p
100 1 _aMay, Rollo,
_d1909-1994
_940469
240 1 0 _aPsychology and the human dilemma.
_lEspañol.
245 1 3 _aLa psicología y el dilema del hombre /
_cRollo May ; traducción de Dalia Ares y Miguel Wald.
260 _aBuenos Aires :
_bGedisa,
_c1985.
300 _a179 p. ;
_c23 cm.
490 1 _aLibertad y cambio
490 1 _aPsicología
534 _pTítulo original en inglés:
_tPsychology and the human dilemma.
504 _aIncluye referencias bibliográficas y notas al pie de las páginas.
650 0 _aPsicología aplicada
_91579
650 0 _aPsicoterapia
_9465
700 1 _aAres, Dalia,
_etr.
_940470
700 1 _aWald, Miguel,
_etr.
_940471
830 0 _aLibertad y cambio ;
_pPsicología
_940472
910 _aCatalogación original
049 _aBNGR
999 _c18275
_d18275